[Event "Angers op 11th"]
[Site "Angers"]
[Date "2016.05.08"]
[Round "5"]
[White "Aubry, Justin"]
[Black "Dutreuil, Raphael"]
[Result "0-1"]
[WhiteElo "1876"]
[BlackElo "2201"]
[PlyCount "88"]
[EventDate "2016.05.06"]
[EventType "swiss"]
[EventRounds "6"]
[EventCountry "FRA"]
[SourceTitle "CBM 172 Extra"]
[Source "ChessBase"]
[SourceDate "2016.06.21"]
[SourceVersion "1"]
[SourceVersionDate "2016.06.21"]
[SourceQuality "1"]

1. e4 c5 2. Nc3 e6 3. Nge2 Nc6 4. g3 Nf6 5. Bg2 d6 6. 0-0 Be7 7. d4 cxd4 8. Nxd4 0-0 9. h3 e5 10. Nb3 Be6 11. Be3 Rc8 12. Qd2 Qd7 13. Kh2 Rfd8 14. Rad1 b5 15. Rfe1 Nb4 16. f4 Qb7 17. f5 Bd7 18. Bg5 Nxc2 19. Bxf6 Bxf6 20. Re2 b4 21. Nd5 Ba4 22. Rf2 Bxb3 23. axb3 Nd4 24. Nxf6+ gxf6 25. Qh6 Qe7 26. g4 Kh8 27. Rd3 Rg8 28. Rg3 Rg7 29. h4 Rcg8 30. Kh3 Qd8 31. Bf1 d5 32. Bg2 dxe4 33. Bxe4 Qb6 34. Rfg2 Qa6 35. Bd3 Qc6 36. Re3 Qc1 37. Rf2 Nf3 38. Rf1 Ng5+ 39. hxg5 Qxe3+ 40. Kg2 Qd2+ 41. Rf2 Qxd3 42. Qxf6 Qe4+ 43. Kf1 Rc8 44. Kg1 Qxg4+ 0-1

[Event "Sautron op 15th"]
[Site "Sautron"]
[Date "2015.10.23"]
[Round "3.39"]
[White "Aubry, Yannis"]
[Black "Aubry, Justin"]
[Result "1-0"]
[WhiteElo "2240"]
[BlackElo "1876"]
[PlyCount "65"]
[EventDate "2015.10.24"]
[EventType "swiss"]
[EventRounds "9"]
[EventCountry "FRA"]
[SourceTitle "EXT 2019"]
[Source "ChessBase"]
[SourceDate "2018.10.10"]
[SourceVersion "1"]
[SourceVersionDate "2018.10.10"]
[SourceQuality "1"]

1. e4 c6 2. c4 d5 3. exd5 cxd5 4. cxd5 Nf6 5. Qa4+ Nbd7 6. Nc3 g6 7. Bc4 Bg7 8. d3 0-0 9. Nf3 Nb6 10. Qb3 e6 11. dxe6 Nxc4 12. exf7+ Rxf7 13. Qxc4 Qe8+ 14. Be3 Be6 15. Qh4 Nd5 16. 0-0 Nxc3 17. bxc3 Bxc3 18. Rac1 Bf6 19. Bg5 Bg7 20. Rfe1 Qd7 21. d4 Bxa2 22. Ne5 Bxe5 23. dxe5 Qf5 24. Re3 Re8 25. Bf6 Rc7 26. Rce1 h5 27. Qa4 Bf7 28. e6 Qxe6 29. Rxe6 Rxe6 30. Qd1 Rd7 31. Qa1 Ra6 32. Qe5 Re6 33. Qb8+ 1-0

[Event "Sautron op 15th"]
[Site "Sautron"]
[Date "2015.10.23"]
[Round "5.38"]
[White "Jeanne, Mickael"]
[Black "Aubry, Justin"]
[Result "1-0"]
[WhiteElo "2210"]
[BlackElo "1876"]
[PlyCount "69"]
[EventDate "2015.10.24"]
[EventType "swiss"]
[EventRounds "9"]
[EventCountry "FRA"]
[SourceTitle "EXT 2019"]
[Source "ChessBase"]
[SourceDate "2018.10.10"]
[SourceVersion "1"]
[SourceVersionDate "2018.10.10"]
[SourceQuality "1"]

1. Nf3 d5 2. d4 Nf6 3. c4 e6 4. g3 c6 5. Qc2 Bd6 6. Bg2 Nbd7 7. 0-0 0-0 8. Nbd2 Qe7 9. b3 Re8 10. Bb2 Ba3 11. Bxa3 Qxa3 12. e4 Nxe4 13. Nxe4 dxe4 14. Qxe4 Nf6 15. Qe2 Rd8 16. Rfd1 a5 17. Rab1 Bd7 18. Ne5 Be8 19. c5 Nd5 20. Nc4 Nc3 21. Qc2 Nxb1 22. Nxa3 Nxa3 23. Qb2 Nb5 24. a4 Nc7 25. b4 axb4 26. Qxb4 Rab8 27. Rb1 Na6 28. Qc4 Nc7 29. Rb6 Na8 30. Rb4 b5 31. cxb6 Rxb6 32. a5 Rb5 33. Rxb5 cxb5 34. Qc5 h6 35. a6 1-0

[Event "Sautron op 21th"]
[Site "Sautron"]
[Date "2014.08.30"]
[Round "3"]
[White "Aubry, Justin"]
[Black "Lambert, Romain"]
[Result "0-1"]
[WhiteElo "1836"]
[BlackElo "2074"]
[PlyCount "94"]
[EventDate "2014.08.28"]
[EventType "swiss"]
[EventRounds "6"]
[EventCountry "FRA"]
[SourceTitle "EXT 2015"]
[Source "ChessBase"]
[SourceDate "2014.11.20"]
[SourceVersion "1"]
[SourceVersionDate "2014.11.20"]
[SourceQuality "1"]

1. e4 Nf6 2. e5 Nd5 3. d4 d6 4. c4 Nb6 5. exd6 cxd6 6. Nf3 g6 7. Be3 Bg7 8. Nc3 0-0 9. h3 Nc6 10. Qd2 Bf5 11. Be2 d5 12. b3 dxc4 13. bxc4 Na5 14. c5 Nac4 15. Bxc4 Nxc4 16. Qe2 Nxe3 17. fxe3 e5 18. d5 Qa5 19. Rc1 Qxc5 20. e4 Bd7 21. Qf2 Rac8 22. Qxc5 Rxc5 23. Ne2 Rxc1+ 24. Nxc1 Rc8 25. 0-0 Rc2 26. Rd1 f6 27. Nb3 Bf8 28. Ne1 Rc8 29. Rc1 Rxc1 30. Nxc1 Bc5+ 31. Kh2 Kf7 32. Ncd3 Bd4 33. g4 Ke7 34. Kg3 Kd6 35. h4 h5 36. gxh5 gxh5 37. Nc2 Bc3 38. Kf3 b5 39. Ke3 a5 40. Nc1 b4 41. Ne2 Bb2 42. Ng3 Bg4 43. Kd3 Bc1 44. Kc4 Bf4 45. Nf5+ Bxf5 46. exf5 Bg3 47. Ne3 Bxh4 0-1

[Event "Nantes op 12th"]
[Site "Nantes "]
[Date "2013.12.27"]
[Round "1"]
[White "Hutois, Mickael"]
[Black "Aubry, Justin"]
[Result "1-0"]
[WhiteElo "2141"]
[BlackElo "1843"]
[PlyCount "47"]
[EventDate "2013.12.27"]
[EventType "swiss"]
[EventRounds "7"]
[EventCountry "FRA"]
[SourceTitle "CBM 158 Extra"]
[Source "ChessBase"]
[SourceDate "2014.02.28"]
[SourceVersion "1"]
[SourceVersionDate "2014.02.28"]
[SourceQuality "1"]

1. e4 c6 2. d4 d5 3. exd5 cxd5 4. Nf3 Nf6 5. Bd3 Nc6 6. c3 Bg4 7. 0-0 e6 8. Bg5 Qb6 9. Nbd2 Be7 10. Qb3 Qxb3 11. axb3 Bd6 12. b4 Nd7 13. Rfe1 0-0 14. b5 Nd8 15. Ne5 Nxe5 16. dxe5 Bc7 17. Be3 b6 18. Ra4 Bh5 19. f4 f6 20. exf6 gxf6 21. Rea1 Rf7 22. Bf2 Bd6 23. Bxb6 Bxf4 24. Rxf4 1-0

[Event "Sautron op 13th"]
[Site "Sautron"]
[Date "2013.10.??"]
[Round "8"]
[White "Aubry, Justin"]
[Black "Navrotescu, Andreea Cristiana"]
[Result "0-1"]
[WhiteElo "1834"]
[BlackElo "2151"]
[PlyCount "94"]
[EventDate "2013.10.26"]
[EventType "swiss"]
[EventRounds "9"]
[EventCountry "FRA"]
[SourceTitle "EXT 2016"]
[Source "ChessBase"]
[SourceDate "2015.10.08"]
[SourceVersion "1"]
[SourceVersionDate "2015.10.08"]
[SourceQuality "1"]

1. e4 c5 2. Nf3 d6 3. d4 cxd4 4. Nxd4 Nf6 5. f3 g6 6. c4 Bg7 7. Nc3 Nc6 8. Be3 0-0 9. Qd2 Bd7 10. Be2 a6 11. 0-0 Rb8 12. Rfd1 Nxd4 13. Bxd4 b5 14. e5 dxe5 15. Bxe5 b4 16. Bxf6 Bxf6 17. Nd5 Bg7 18. c5 Ba4 19. c6 Bxc6 20. Rac1 Ba8 21. Rc2 a5 22. Bc4 e6 23. Ne3 Qb6 24. Kf1 Rfd8 25. Qe2 Rxd1+ 26. Nxd1 Rd8 27. Rd2 Rxd2 28. Qxd2 Qd4 29. Qxd4 Bxd4 30. b3 e5 31. Nf2 Kg7 32. Ne4 f5 33. Nd6 Bc6 34. Bd3 Kf6 35. Nc4 a4 36. Na5 Bd7 37. bxa4 Bxa4 38. Nb3 Ke6 39. Bc4+ Kd6 40. Ke2 Bg1 41. h3 g5 42. Kd3 Bc6 43. Nd2 h6 44. Ba6 e4+ 45. fxe4 fxe4+ 46. Nxe4+ Ke5 47. Nd2 Bxg2 0-1

[Event "Nantes op 11th"]
[Site "Nantes"]
[Date "2012.12.27"]
[Round "1"]
[White "Solozhenkin, Evgeniy"]
[Black "Aubry, Justin"]
[Result "1-0"]
[WhiteElo "2469"]
[BlackElo "1816"]
[PlyCount "37"]
[EventDate "2012.12.27"]
[EventType "swiss"]
[EventRounds "7"]
[EventCountry "FRA"]
[SourceTitle "EXT 2014"]
[Source "ChessBase"]
[SourceDate "2013.11.20"]
[SourceVersion "1"]
[SourceVersionDate "2013.11.20"]
[SourceQuality "1"]

1. e4 c6 2. d4 d5 3. Nc3 dxe4 4. Nxe4 Nd7 5. Bc4 Ngf6 6. Ng5 e6 7. Qe2 Nb6 8. Bb3 h6 9. N5f3 a5 10. a3 Qc7 11. Ne5 a4 12. Ba2 c5 13. Ngf3 Bd6 14. dxc5 Bxc5 15. 0-0 Be7 16. Qb5+ Nbd7 17. Re1 0-0 18. Ng6 fxg6 19. Rxe6 1-0

[Event "Cholet-B"]
[Site "Cholet"]
[Date "2012.02.22"]
[Round "6"]
[White "Violleau, Jean Claude"]
[Black "Aubry, Justin"]
[Result "0-1"]
[WhiteElo "1764"]
[BlackElo "1818"]
[PlyCount "76"]
[EventDate "2012.02.18"]
[EventType "tourn"]
[EventRounds "9"]
[EventCountry "FRA"]
[SourceTitle "EXT 2013"]
[Source "ChessBase"]
[SourceDate "2012.11.22"]
[SourceVersion "1"]
[SourceVersionDate "2012.11.22"]
[SourceQuality "1"]

1. e4 c6 2. d4 d5 3. e5 c5 4. c3 Nc6 5. Nf3 Bg4 6. Be2 e6 7. 0-0 Bxf3 8. Bxf3 cxd4 9. cxd4 Qb6 10. Be3 Nge7 11. Qd2 Nf5 12. Rd1 Na5 13. b3 Bb4 14. Qd3 Rc8 15. Bg4 Nxe3 16. Qxe3 0-0 17. Be2 Qc7 18. Nd2 Bxd2 19. Qxd2 Qc3 20. Qf4 f6 21. exf6 Rxf6 22. Qg4 Rg6 23. Qh5 Qc7 24. h3 Qf4 25. Bg4 Rc2 26. Bxe6+ Rxe6 27. Qxd5 Qf7 28. Rf1 Nc6 29. a3 Ree2 30. Qxf7+ Kxf7 31. d5 Ne5 32. Rac1 Nd3 33. Rxc2 Rxc2 34. Rd1 Rc3 35. Rb1 Ke7 36. a4 Kd6 37. b4 Rc1+ 38. Rxc1 Nxc1 0-1

[Event "Gorges op 17th"]
[Site "Gorges"]
[Date "2007.??.??"]
[Round "7"]
[White "Aubry, Justin"]
[Black "Mercier, Jean Loup"]
[Result "1/2-1/2"]
[WhiteElo "1699"]
[BlackElo "1983"]
[PlyCount "81"]
[EventDate "2007.07.08"]
[EventType "swiss"]
[EventRounds "7"]
[EventCountry "FRA"]
[SourceTitle "CBM 119 Extra"]
[Source "ChessBase"]
[SourceDate "2007.09.04"]
[SourceVersion "1"]
[SourceVersionDate "2007.09.04"]
[SourceQuality "1"]

1. e4 c5 2. Nf3 d6 3. d4 cxd4 4. Nxd4 Nf6 5. f3 e5 6. Nb3 Be6 7. c4 Qc7 8. Na3 a6 9. Be3 Be7 10. Be2 Nbd7 11. 0-0 Nc5 12. Nd2 Rb8 13. Rc1 0-0 14. Nab1 Ne8 15. Nc3 Qd8 16. b4 Nd7 17. Nd5 Bxd5 18. exd5 Bg5 19. Bf2 Rc8 20. Rc2 f5 21. Bg3 Rf6 22. Bd3 Qe7 23. Qe1 Qf7 24. f4 Bxf4 25. Bxf4 exf4 26. Rxf4 Ne5 27. Qf1 Ng4 28. Qe2 Ne5 29. Rd4 Nc7 30. a4 Re8 31. Qd1 Nxd3 32. Rxd3 f4 33. Nf3 Rg6 34. Re2 h6 35. Qe1 Rxe2 36. Qxe2 Qf8 37. a5 Qf6 38. Rd4 Qf5 39. Qd3 Qg4 40. Qe2 Qf5 41. Qe4 1/2-1/2

[Event "Gorges op 17th"]
[Site "Gorges"]
[Date "2007.??.??"]
[Round "1"]
[White "Hallope, Arnaud"]
[Black "Aubry, Justin"]
[Result "1-0"]
[WhiteElo "1736"]
[BlackElo "1699"]
[PlyCount "51"]
[EventDate "2007.07.08"]
[EventType "swiss"]
[EventRounds "7"]
[EventCountry "FRA"]
[SourceTitle "CBM 119 Extra"]
[Source "ChessBase"]
[SourceDate "2007.09.04"]
[SourceVersion "1"]
[SourceVersionDate "2007.09.04"]
[SourceQuality "1"]

1. e4 c6 2. d4 d5 3. Nc3 dxe4 4. Nxe4 Nd7 5. f4 Ngf6 6. Ng3 e6 7. Nf3 Bd6 8. Bc4 b5 9. Bb3 c5 10. c3 Qc7 11. Ne5 Bb7 12. 0-0 0-0 13. Qe2 c4 14. Bc2 Rae8 15. Bd2 Nd5 16. Qh5 N7f6 17. Qh3 Ne7 18. Rae1 Ng6 19. Nh5 Nxh5 20. Qxh5 a6 21. Re3 Re7 22. Rh3 h6 23. Nxg6 fxg6 24. Qxg6 Rf6 25. Qh7+ Kf7 26. Rg3 1-0